000 00624nam a22002057a 4500
001 6156
003 FISKH
005 20250320123058.0
008 250320b cb ||||| |||| 00| 0 eng d
040 _aFISKH
_beng
_cFISKH
_dFISKH
050 _aPZ7
082 _a370
100 _aAnonymous
245 _aBringing the world to the classroom ... :
_band the classroom to life . /
_cBy the national geographic learning team
260 _aBoston :
_bCengage Learning ;
_c2017.
300 _a119 pages :
_bcolor illustrations ;
_c28 cm .
490 _aNational Geographic Learning
942 _2ddc
_cBK
_n0
999 _c6156
_d6156